Fußball-Bundesliga: Aufstellungen des 18. Spieltags 2011/2012 - Statistiken

Allgemein
  • Dieses Quiz wurde 267 mal gespielt
  • Das Durchschnittsergebnis liegt bei 57 aus 198
Antwortstatistiken
Begegnung Verein Nation Spieler % Korrekt
Borussia Mönchengladbach 3:1 FC Bayern München FC Bayern München GER Manuel Neuer
89%
Borussia Mönchengladbach 3:1 FC Bayern München FC Bayern München NED Arjen Robben
84%
Borussia Mönchengladbach 3:1 FC Bayern München FC Bayern München GER Philipp Lahm
84%
Borussia Mönchengladbach 3:1 FC Bayern München FC Bayern München GER Mario Gómez
82%
Borussia Mönchengladbach 3:1 FC Bayern München FC Bayern München GER Bastian Schweinsteiger
81%
Borussia Mönchengladbach 3:1 FC Bayern München FC Bayern München BEL Daniel Van Buyten
78%
Borussia Mönchengladbach 3:1 FC Bayern München FC Bayern München GER Jérôme Boateng
78%
Borussia Mönchengladbach 3:1 FC Bayern München Borussia Mönchengladbach GER Marco Reus
78%
Borussia Mönchengladbach 3:1 FC Bayern München FC Bayern München GER Thomas Müller
78%
Hamburger SV 1:5 Borussia Dortmund Borussia Dortmund GER Mats Hummels
77%
Hamburger SV 1:5 Borussia Dortmund Borussia Dortmund POL Robert Lewandowski
77%
Hamburger SV 1:5 Borussia Dortmund Borussia Dortmund JPN Shinji Kagawa
74%
Hamburger SV 1:5 Borussia Dortmund Borussia Dortmund POL Jakub Błaszczykowski
71%
Borussia Mönchengladbach 3:1 FC Bayern München Borussia Mönchengladbach GER Marc-André ter Stegen
71%
Hamburger SV 1:5 Borussia Dortmund Borussia Dortmund SRB Neven Subotić
69%
1. FC Kaiserslautern 0:0 SV Werder Bremen SV Werder Bremen GER Tim Wiese
68%
Hamburger SV 1:5 Borussia Dortmund Borussia Dortmund AUS Mitchell Langerak
66%
SC Freiburg 1:0 FC Augsburg SC Freiburg GER Oliver Baumann
66%
1. FC Kaiserslautern 0:0 SV Werder Bremen SV Werder Bremen PER Claudio Pizarro
64%
VfL Wolfsburg 1:0 1. FC Köln VfL Wolfsburg SUI Diego Benaglio
63%
FC Schalke 04 3:1 VfB Stuttgart FC Schalke 04 NED Klaas-Jan Huntelaar
63%
TSG 1899 Hoffenheim 0:0 Hannover 96 Hannover 96 GER Ron-Robert Zieler
63%
TSG 1899 Hoffenheim 0:0 Hannover 96 TSG 1899 Hoffenheim BIH Vedad Ibišević
63%
Hamburger SV 1:5 Borussia Dortmund Borussia Dortmund POL Łukasz Piszczek
62%
Hamburger SV 1:5 Borussia Dortmund Hamburger SV CZE Jaroslav Drobný
61%
VfL Wolfsburg 1:0 1. FC Köln VfL Wolfsburg GER Marcel Schäfer
60%
Hamburger SV 1:5 Borussia Dortmund Borussia Dortmund GER Marcel Schmelzer
60%
1. FC Nürnberg 2:0 Hertha BSC 1. FC Nürnberg GER Raphael Schäfer
60%
Hamburger SV 1:5 Borussia Dortmund Borussia Dortmund GER Sebastian Kehl
60%
VfL Wolfsburg 1:0 1. FC Köln 1. FC Köln GER Lukas Podolski
59%
Borussia Mönchengladbach 3:1 FC Bayern München FC Bayern München GER Toni Kroos
59%
FC Schalke 04 3:1 VfB Stuttgart FC Schalke 04 ESP Raúl
58%
Hamburger SV 1:5 Borussia Dortmund Borussia Dortmund GER Kevin Großkreutz
57%
Hamburger SV 1:5 Borussia Dortmund Hamburger SV PER Paolo Guerrero
56%
TSG 1899 Hoffenheim 0:0 Hannover 96 TSG 1899 Hoffenheim BIH Sejad Salihović
56%
1. FC Kaiserslautern 0:0 SV Werder Bremen SV Werder Bremen SWE Markus Rosenberg
53%
Bayer 04 Leverkusen 3:2 1. FSV Mainz 05 Bayer 04 Leverkusen GER Bernd Leno
52%
Borussia Mönchengladbach 3:1 FC Bayern München Borussia Mönchengladbach VEN Juan Arango
52%
Bayer 04 Leverkusen 3:2 1. FSV Mainz 05 Bayer 04 Leverkusen GER Lars Bender
52%
Hamburger SV 1:5 Borussia Dortmund Borussia Dortmund GER Sven Bender
52%
Borussia Mönchengladbach 3:1 FC Bayern München Borussia Mönchengladbach GER Mike Hanke
47%
VfL Wolfsburg 1:0 1. FC Köln 1. FC Köln SLO Milivoje Novakovič
46%
Borussia Mönchengladbach 3:1 FC Bayern München FC Bayern München GER Holger Badstuber
45%
1. FC Nürnberg 2:0 Hertha BSC Hertha BSC GEO Levan Kobiashvili
43%
FC Schalke 04 3:1 VfB Stuttgart VfB Stuttgart AUT Martin Harnik
43%
Borussia Mönchengladbach 3:1 FC Bayern München Borussia Mönchengladbach GER Patrick Herrmann
42%
1. FC Kaiserslautern 0:0 SV Werder Bremen SV Werder Bremen AUT Sebastian Prödl
42%
FC Schalke 04 3:1 VfB Stuttgart FC Schalke 04 JPN Atsuto Uchida
41%
Bayer 04 Leverkusen 3:2 1. FSV Mainz 05 1. FSV Mainz 05 CMR Eric Maxim Choupo-Moting
41%
Borussia Mönchengladbach 3:1 FC Bayern München Borussia Mönchengladbach NED Roel Brouwers
41%
1. FC Kaiserslautern 0:0 SV Werder Bremen SV Werder Bremen GRE Sokratis Papastathopoulos
41%
1. FC Nürnberg 2:0 Hertha BSC Hertha BSC COL Adrián Ramos
39%
Borussia Mönchengladbach 3:1 FC Bayern München Borussia Mönchengladbach AUT Martin Stranzl
39%
Borussia Mönchengladbach 3:1 FC Bayern München FC Bayern München UKR Anatoliy Tymoshchuk
38%
Bayer 04 Leverkusen 3:2 1. FSV Mainz 05 Bayer 04 Leverkusen SUI Eren Derdiyok
38%
TSG 1899 Hoffenheim 0:0 Hannover 96 TSG 1899 Hoffenheim BRA Roberto Firmino
38%
1. FC Nürnberg 2:0 Hertha BSC Hertha BSC BRA Ronny
38%
1. FC Nürnberg 2:0 Hertha BSC Hertha BSC GER Thomas Kraft
38%
Bayer 04 Leverkusen 3:2 1. FSV Mainz 05 Bayer 04 Leverkusen GER André Schürrle
37%
Borussia Mönchengladbach 3:1 FC Bayern München Borussia Mönchengladbach BEL Filip Daems
37%
SC Freiburg 1:0 FC Augsburg SC Freiburg FRA Jonathan Schmid
37%
TSG 1899 Hoffenheim 0:0 Hannover 96 Hannover 96 GER Lars Stindl
37%
Hamburger SV 1:5 Borussia Dortmund Hamburger SV GER Marcell Jansen
37%
Borussia Mönchengladbach 3:1 FC Bayern München Borussia Mönchengladbach RUS Roman Neustädter
37%
1. FC Kaiserslautern 0:0 SV Werder Bremen 1. FC Kaiserslautern GER Kevin Trapp
36%
FC Schalke 04 3:1 VfB Stuttgart FC Schalke 04 GER Benedikt Höwedes
35%
FC Schalke 04 3:1 VfB Stuttgart FC Schalke 04 AUT Christian Fuchs
35%
Hamburger SV 1:5 Borussia Dortmund Hamburger SV GER Heiko Westermann
35%
TSG 1899 Hoffenheim 0:0 Hannover 96 Hannover 96 USA Steven Cherundolo
35%
FC Schalke 04 3:1 VfB Stuttgart FC Schalke 04 GRE Kyriakos Papadopoulos
34%
Bayer 04 Leverkusen 3:2 1. FSV Mainz 05 Bayer 04 Leverkusen GER Manuel Friedrich
34%
Borussia Mönchengladbach 3:1 FC Bayern München Borussia Mönchengladbach GER Tony Jantschke
34%
TSG 1899 Hoffenheim 0:0 Hannover 96 TSG 1899 Hoffenheim GER Andreas Beck
33%
1. FC Nürnberg 2:0 Hertha BSC Hertha BSC GER Andreas Ottl
33%
FC Schalke 04 3:1 VfB Stuttgart VfB Stuttgart MEX Francisco Rodríguez
33%
Borussia Mönchengladbach 3:1 FC Bayern München Borussia Mönchengladbach NOR Håvard Nordtveit
33%
1. FC Nürnberg 2:0 Hertha BSC Hertha BSC GER Christian Lell
32%
1. FC Kaiserslautern 0:0 SV Werder Bremen SV Werder Bremen GER Clemens Fritz
32%
VfL Wolfsburg 1:0 1. FC Köln 1. FC Köln GER Michael Rensing
32%
VfL Wolfsburg 1:0 1. FC Köln VfL Wolfsburg SUI Ricardo Rodríguez
32%
FC Schalke 04 3:1 VfB Stuttgart VfB Stuttgart GER Sven Ulreich
32%
FC Schalke 04 3:1 VfB Stuttgart FC Schalke 04 NGR Chinedu Obasi
31%
Hamburger SV 1:5 Borussia Dortmund Hamburger SV GER Dennis Aogo
28%
TSG 1899 Hoffenheim 0:0 Hannover 96 Hannover 96 NOR Mohammed Abdellaoue
28%
FC Schalke 04 3:1 VfB Stuttgart VfB Stuttgart GER Cacau
27%
Bayer 04 Leverkusen 3:2 1. FSV Mainz 05 1. FSV Mainz 05 GER Christian Wetklo
27%
Bayer 04 Leverkusen 3:2 1. FSV Mainz 05 Bayer 04 Leverkusen GER Gonzalo Castro
26%
Bayer 04 Leverkusen 3:2 1. FSV Mainz 05 Bayer 04 Leverkusen GER Michael Ballack
26%
SC Freiburg 1:0 FC Augsburg FC Augsburg GER Sascha Mölders
26%
TSG 1899 Hoffenheim 0:0 Hannover 96 TSG 1899 Hoffenheim DEN Jannik Vestergaard
25%
Bayer 04 Leverkusen 3:2 1. FSV Mainz 05 Bayer 04 Leverkusen CZE Michal Kadlec
25%
FC Schalke 04 3:1 VfB Stuttgart FC Schalke 04 CMR Joel Matip
24%
FC Schalke 04 3:1 VfB Stuttgart FC Schalke 04 GER Lars Unnerstall
24%
Bayer 04 Leverkusen 3:2 1. FSV Mainz 05 1. FSV Mainz 05 MKD Nikolče Noveski
24%
FC Schalke 04 3:1 VfB Stuttgart VfB Stuttgart RUS Pavel Pogrebnyak
23%
Bayer 04 Leverkusen 3:2 1. FSV Mainz 05 Bayer 04 Leverkusen GER Stefan Reinartz
22%
VfL Wolfsburg 1:0 1. FC Köln VfL Wolfsburg KOR Ja-cheol Koo
21%
1. FC Kaiserslautern 0:0 SV Werder Bremen SV Werder Bremen TUR Mehmet Ekici
21%
FC Schalke 04 3:1 VfB Stuttgart VfB Stuttgart GER Serdar Taşçı
21%
Hamburger SV 1:5 Borussia Dortmund Hamburger SV VEN Tomás Rincón
21%
1. FC Nürnberg 2:0 Hertha BSC 1. FC Nürnberg ISR Almog Cohen
20%
Bayer 04 Leverkusen 3:2 1. FSV Mainz 05 1. FSV Mainz 05 NIG Anthony Ujah
20%
VfL Wolfsburg 1:0 1. FC Köln 1. FC Köln SLO Mišo Brečko
20%
1. FC Nürnberg 2:0 Hertha BSC Hertha BSC GER Pierre-Michel Lasogga
20%
TSG 1899 Hoffenheim 0:0 Hannover 96 TSG 1899 Hoffenheim GER Tom Starke
20%
TSG 1899 Hoffenheim 0:0 Hannover 96 TSG 1899 Hoffenheim NED Ryan Babel
19%
Hamburger SV 1:5 Borussia Dortmund Hamburger SV GER Dennis Diekmeier
18%
SC Freiburg 1:0 FC Augsburg FC Augsburg CAN Marcel de Jong
18%
SC Freiburg 1:0 FC Augsburg FC Augsburg GER Tobias Werner
18%
VfL Wolfsburg 1:0 1. FC Köln VfL Wolfsburg GER Alexander Madlung
17%
Bayer 04 Leverkusen 3:2 1. FSV Mainz 05 1. FSV Mainz 05 COL Elkin Soto
17%
Hamburger SV 1:5 Borussia Dortmund Hamburger SV NED Jeffrey Bruma
17%
TSG 1899 Hoffenheim 0:0 Hannover 96 Hannover 96 RUS Konstantin Rausch
17%
TSG 1899 Hoffenheim 0:0 Hannover 96 Hannover 96 SUI Mario Eggimann
17%
SC Freiburg 1:0 FC Augsburg FC Augsburg NED Paul Verhaegh
17%
VfL Wolfsburg 1:0 1. FC Köln 1. FC Köln GER Sascha Riether
17%
TSG 1899 Hoffenheim 0:0 Hannover 96 TSG 1899 Hoffenheim GER Sebastian Rudy
17%
FC Schalke 04 3:1 VfB Stuttgart VfB Stuttgart SRB Zdravko Kuzmanović
17%
TSG 1899 Hoffenheim 0:0 Hannover 96 Hannover 96 GER Christian Pander
16%
VfL Wolfsburg 1:0 1. FC Köln VfL Wolfsburg GER Christian Träsch
16%
Bayer 04 Leverkusen 3:2 1. FSV Mainz 05 1. FSV Mainz 05 AUT Julian Baumgartlinger
16%
VfL Wolfsburg 1:0 1. FC Köln 1. FC Köln POL Sławomir Peszko
16%
FC Schalke 04 3:1 VfB Stuttgart VfB Stuttgart HUN Tamás Hajnal
16%
1. FC Kaiserslautern 0:0 SV Werder Bremen 1. FC Kaiserslautern GER Christian Tiffert
15%
TSG 1899 Hoffenheim 0:0 Hannover 96 TSG 1899 Hoffenheim NED Edson Braafheid
15%
TSG 1899 Hoffenheim 0:0 Hannover 96 Hannover 96 AUT Emanuel Pogatetz
15%
1. FC Nürnberg 2:0 Hertha BSC 1. FC Nürnberg GER Philipp Wollscheid
15%
VfL Wolfsburg 1:0 1. FC Köln VfL Wolfsburg POR Vieirinha
15%
Hamburger SV 1:5 Borussia Dortmund Hamburger SV SRB Gojko Kačar
14%
VfL Wolfsburg 1:0 1. FC Köln 1. FC Köln BRA Pedro Geromel
14%
VfL Wolfsburg 1:0 1. FC Köln VfL Wolfsburg IRI Ashkan Dejagah
13%
SC Freiburg 1:0 FC Augsburg SC Freiburg COD Cédric Makiadi
13%
FC Schalke 04 3:1 VfB Stuttgart VfB Stuttgart ITA Christian Molinaro
13%
1. FC Kaiserslautern 0:0 SV Werder Bremen 1. FC Kaiserslautern CZE Jan Šimůnek
13%
TSG 1899 Hoffenheim 0:0 Hannover 96 Hannover 96 GER Manuel Schmiedebach
13%
FC Schalke 04 3:1 VfB Stuttgart VfB Stuttgart DEN William Kvist
13%
Bayer 04 Leverkusen 3:2 1. FSV Mainz 05 1. FSV Mainz 05 POL Eugen Polánski
12%
SC Freiburg 1:0 FC Augsburg FC Augsburg GER Jan-Ingwer Callsen-Bracker
12%
SC Freiburg 1:0 FC Augsburg SC Freiburg GER Oliver Sorg
12%
SC Freiburg 1:0 FC Augsburg SC Freiburg CZE Pavel Krmaš
12%
1. FC Nürnberg 2:0 Hertha BSC Hertha BSC GER Peter Niemeyer
12%
VfL Wolfsburg 1:0 1. FC Köln VfL Wolfsburg CZE Petr Jiráček
12%
1. FC Nürnberg 2:0 Hertha BSC 1. FC Nürnberg BEL Timmy Simons
12%
SC Freiburg 1:0 FC Augsburg FC Augsburg GER Daniel Baier
11%
1. FC Nürnberg 2:0 Hertha BSC 1. FC Nürnberg GER Daniel Didavi
11%
Bayer 04 Leverkusen 3:2 1. FSV Mainz 05 Bayer 04 Leverkusen GER Danny da Costa
11%
1. FC Nürnberg 2:0 Hertha BSC Hertha BSC CZE Roman Hubník
11%
1. FC Nürnberg 2:0 Hertha BSC 1. FC Nürnberg CZE Tomáš Pekhart
11%
SC Freiburg 1:0 FC Augsburg SC Freiburg GER Daniel Caligiuri
10%
1. FC Kaiserslautern 0:0 SV Werder Bremen SV Werder Bremen GER Lukas Schmitz
10%
1. FC Kaiserslautern 0:0 SV Werder Bremen SV Werder Bremen GER Philipp Bargfrede
10%
FC Schalke 04 3:1 VfB Stuttgart FC Schalke 04 GER Alexander Baumjohann
9%
1. FC Nürnberg 2:0 Hertha BSC 1. FC Nürnberg GER Alexander Esswein
9%
Bayer 04 Leverkusen 3:2 1. FSV Mainz 05 1. FSV Mainz 05 GER Malik Fathi
9%
1. FC Nürnberg 2:0 Hertha BSC Hertha BSC GER Patrick Ebert
9%
SC Freiburg 1:0 FC Augsburg FC Augsburg GER Simon Jentsch
9%
1. FC Nürnberg 2:0 Hertha BSC 1. FC Nürnberg GER Christian Eigler
8%
SC Freiburg 1:0 FC Augsburg SC Freiburg SEN Fallou Diagné
8%
VfL Wolfsburg 1:0 1. FC Köln VfL Wolfsburg CZE Jan Polák
8%
Bayer 04 Leverkusen 3:2 1. FSV Mainz 05 1. FSV Mainz 05 GER Niko Bungert
8%
1. FC Kaiserslautern 0:0 SV Werder Bremen 1. FC Kaiserslautern BRA Rodnei
8%
Bayer 04 Leverkusen 3:2 1. FSV Mainz 05 Bayer 04 Leverkusen GER Daniel Schwaab
7%
1. FC Nürnberg 2:0 Hertha BSC 1. FC Nürnberg SLO Dominic Maroh
7%
SC Freiburg 1:0 FC Augsburg FC Augsburg JPN Hajime Hosogai
7%
1. FC Nürnberg 2:0 Hertha BSC 1. FC Nürnberg GER Jens Hegeler
7%
SC Freiburg 1:0 FC Augsburg SC Freiburg SVK Erik Jendrišek
6%
1. FC Kaiserslautern 0:0 SV Werder Bremen 1. FC Kaiserslautern GER Florian Dick
6%
1. FC Kaiserslautern 0:0 SV Werder Bremen 1. FC Kaiserslautern GRE Kostas Fortounis
6%
FC Schalke 04 3:1 VfB Stuttgart FC Schalke 04 GER Marco Höger
6%
1. FC Kaiserslautern 0:0 SV Werder Bremen 1. FC Kaiserslautern TUR Olcay Şahan
6%
Bayer 04 Leverkusen 3:2 1. FSV Mainz 05 1. FSV Mainz 05 CZE Zdeněk Pospěch
6%
VfL Wolfsburg 1:0 1. FC Köln 1. FC Köln GER Christian Eichner
5%
1. FC Nürnberg 2:0 Hertha BSC Hertha BSC GER Christoph Janker
5%
TSG 1899 Hoffenheim 0:0 Hannover 96 TSG 1899 Hoffenheim USA Daniel Williams
5%
1. FC Kaiserslautern 0:0 SV Werder Bremen 1. FC Kaiserslautern CMR Dorge Kouemaha
5%
VfL Wolfsburg 1:0 1. FC Köln 1. FC Köln GER Martin Lanig
5%
TSG 1899 Hoffenheim 0:0 Hannover 96 TSG 1899 Hoffenheim GER Peniel Mlapa
5%
1. FC Kaiserslautern 0:0 SV Werder Bremen 1. FC Kaiserslautern GER Pierre De Wit
5%
Hamburger SV 1:5 Borussia Dortmund Hamburger SV GER Robert Tesche
5%
SC Freiburg 1:0 FC Augsburg FC Augsburg GER Sebastian Langkamp
5%
1. FC Nürnberg 2:0 Hertha BSC 1. FC Nürnberg CZE Adam Hloušek
4%
1. FC Kaiserslautern 0:0 SV Werder Bremen SV Werder Bremen SRB Aleksandar Ignjovski
4%
1. FC Kaiserslautern 0:0 SV Werder Bremen 1. FC Kaiserslautern GER Alexander Bugera
4%
SC Freiburg 1:0 FC Augsburg SC Freiburg GER Johannes Flum
4%
VfL Wolfsburg 1:0 1. FC Köln 1. FC Köln GER Kevin Pezzoni
4%
Hamburger SV 1:5 Borussia Dortmund Hamburger SV GER Zhi Gin Lam
4%
SC Freiburg 1:0 FC Augsburg FC Augsburg ZAM Andrew Sinkala
3%
VfL Wolfsburg 1:0 1. FC Köln 1. FC Köln GER Christian Clemens
3%
1. FC Kaiserslautern 0:0 SV Werder Bremen 1. FC Kaiserslautern POL Jakub Świerczok
3%
TSG 1899 Hoffenheim 0:0 Hannover 96 Hannover 96 GER Moritz Stoppelkamp
3%
FC Schalke 04 3:1 VfB Stuttgart VfB Stuttgart GER Stefano Celozzi
3%
1. FC Kaiserslautern 0:0 SV Werder Bremen SV Werder Bremen GER Tom Trybull
3%
TSG 1899 Hoffenheim 0:0 Hannover 96 Hannover 96 AUT Daniel Royer
2%
Bayer 04 Leverkusen 3:2 1. FSV Mainz 05 1. FSV Mainz 05 AZE Deniz Yılmaz
2%
VfL Wolfsburg 1:0 1. FC Köln VfL Wolfsburg BRA Felipe
2%
SC Freiburg 1:0 FC Augsburg FC Augsburg GER Torsten Oehrl
2%
SC Freiburg 1:0 FC Augsburg SC Freiburg BLR Anton Putilo
1%
SC Freiburg 1:0 FC Augsburg SC Freiburg DEN Michael Lumb
1%
Keine übereinstimmenden Quizze gefunden
Verteilung der Resultate
Anzahl Personen mit jedem Resultat
Perzentil nach korrekt beantworteten Fragen
Ihre Resultats-Entwicklung
Sie haben dieses Quiz noch nicht gespielt